Landscape drawing / (Record no. 16587)
[ view plain ]
| 000 -LEADER | |
|---|---|
| fixed length control field | 00643cam a22002291 4500 |
| 001 - CONTROL NUMBER | |
| control field | 16587 |
| 003 - CONTROL NUMBER IDENTIFIER | |
| rucl marc code | BD-RjUL |
| 005 - DATE AND TIME OF LATEST TRANSACTION | |
| control field | 20211209000028.0 |
| 008 - FIXED-LENGTH DATA ELEMENTS--GENERAL INFORMATION | |
| fixed length control field | 140215s1960 enka 000 0 eng |
| 035 ## - SYSTEM CONTROL NUMBER | |
| System control number | (BD-RjUL)16642 |
| 040 ## - CATALOGING SOURCE | |
| Original cataloging agency | DLC |
| Transcribing agency | NBiSU |
| Modifying agency | Uk |
| -- | OCoLC |
| -- | DLC |
| -- | BD-RjUL |
| Language of cataloging | eng |
| 041 ## - LANGUAGE CODE | |
| Language code of text/sound track or separate title | eng |
| 082 00 - DEWEY DECIMAL CLASSIFICATION NUMBER | |
| Classification number | 743.83 |
| Author mark and year | HUL 1960 |
| 100 1# - MAIN ENTRY--PERSONAL NAME | |
| Personal name | Hutchings, G. E. |
| Fuller form of name | (Geoffrey Edward) |
| 9 (RLIN) | 51244 |
| 245 10 - TITLE STATEMENT | |
| Title | Landscape drawing / |
| Statement of responsibility, etc. | G. E. Hutchings. |
| 260 ## - PUBLICATION, DISTRIBUTION, ETC. (IMPRINT) | |
| Place of publication, distribution, etc. | London : |
| Name of publisher, distributor, etc. | Methuen, |
| Date of publication, distribution, etc. | 1960. |
| 300 ## - PHYSICAL DESCRIPTION | |
| Pagination | ix, 134 p. : |
| Illustrations | illus. ; |
| Size | 15 x 23 cm. |
| 650 #0 - SUBJECT ADDED ENTRY--TOPICAL TERM | |
| Topical term or geographic name as entry element | Landscape drawing. |
| 9 (RLIN) | 51245 |
| 942 ## - ADDED ENTRY ELEMENTS (KOHA) | |
| Source of classification or shelving scheme | Dewey Decimal Classification |
| Koha item type | Books |
| Lost status | Source of classification or shelving scheme | Damaged status | Not for loan | Collection code | Permanent Location | Current Location | Shelving location | Date acquired | Source of acquisition | Cost, normal purchase price | Total Checkouts | Full call number | Date last seen | Copy number | Koha item type |
|---|---|---|---|---|---|---|---|---|---|---|---|---|---|---|---|
| Dewey Decimal Classification | Non-fiction | Central Library, University of Rajshahi | Central Library, University of Rajshahi | 08/02/1963 | Zeitlinger | 30.00 | 743.83 HUL 1960 | 15/02/2014 | C-1 | Books | |||||
| Dewey Decimal Classification | Non-fiction | Central Library, University of Rajshahi | Central Library, University of Rajshahi | 20/10/1962 | Zeitlinger | 30.00 | 743.83 HUL 1960 | 01/01/2020 | C-2 | Books | |||||
| Dewey Decimal Classification | Non-fiction | Central Library, University of Rajshahi | Central Library, University of Rajshahi | 20/10/1962 | Zeitlinger | 30.00 | 743.83 HUL 1960 | 01/01/2020 | C-3 | Books | |||||
| Dewey Decimal Classification | Non-fiction | Central Library, University of Rajshahi | Central Library, University of Rajshahi | 20/10/1962 | Zeitlinger | 30.00 | 743.83 HUL 1960 | 06/02/2020 | C-4 | Books |